[Event "Sochi"]
[Site "Sochi"]
[Date "1982.??.??"]
[Round "5"]
[White "Nikolic, Predrag"]
[Black "Hazai, Laszlo"]
[Result "1/2-1/2"]
[WhiteElo "2530"]
[BlackElo "2450"]

1.d4 g6 2.Nf3 Bg7 3.g3 d6 4.Bg2 Nd7 5.O-O e5 6.c4 Nh6 7.e4 O-O 8.Nc3 c6 9.b3 f5
10.dxe5 dxe5 11.Bg5 Qe8 12.Re1 Nf7 13.Bc1 Qe7 14.exf5 gxf5 15.Nh4 Qf6 16.Bb2 Rd8
17.Qc2 Nf8 18.Rad1 Ng6 19.Nf3 Be6 20.Na4 Rxd1 21.Rxd1 Rd8 22.Rxd8+ Qxd8 23.Bh3 Ng5
24.Nxg5 Qxg5 25.Nc5 Bc8 26.Bc1 Qe7 27.Ne4 Qf8 28.Nc3 e4 29.Ne2  1/2-1/2

[Event "Sochi"]
[Site "Sochi"]
[Date "1982.??.??"]
[Round "8"]
[White "Pigusov, Evgeny"]
[Black "Nikolic, Predrag"]
[Result "0-1"]
[WhiteElo "2430"]
[BlackElo "2530"]

1.d4 d5 2.Nf3 Nf6 3.c4 dxc4 4.Nc3 a6 5.e3 b5 6.a4 b4 7.Nb1 c5 8.Bxc4 e6 9.O-O Bb7
10.Nbd2 Nbd7 11.Nb3 Qc7 12.dxc5 Bxc5 13.Nxc5 Nxc5 14.Nd4 O-O 15.Qe2 e5 16.Nf5 Qd7
17.Ng3 Rfd8 18.f3 e4 19.fxe4 Ncxe4 20.Nf5 Qc7 21.b3 Bd5 22.Bb2 Bxc4 23.Qxc4 Qxc4
24.bxc4 Nc3 25.Bxc3 bxc3 26.Rfc1 Rd3 27.Rd1 Rxd1+ 28.Rxd1 Rb8 29.Rc1 Rb4
30.Nd6 Ng4 31.Ne4 c2 32.Nd2 Rb2 33.c5 Kf8 34.Kf1 Nxe3+ 35.Ke2 Nd5 36.Nc4 Ra2
37.c6 Ke7 38.a5 Nb4 39.Kd2 Nxc6 40.Rxc2 Rxc2+ 41.Kxc2 Ke6 42.Kd2 Kd5 43.Ne3+ Kc5
44.Nf5 g6 45.Nh6 f5 46.g4 fxg4 47.Nxg4 Kd4 48.Nf6 h5 49.Nd7 Nxa5 50.Ke2 Nc4
51.Nf8 Ne5 52.Ne6+ Kc4 53.Ke3 a5 54.Ke4  0-1

[Event "Sochi"]
[Site "Sochi"]
[Date "1982.??.??"]
[Round "9"]
[White "Nikolic, Predrag"]
[Black "Tal, Mihail"]
[Result "1/2-1/2"]
[WhiteElo "2530"]
[BlackElo "2610"]

1.Nf3 Nf6 2.c4 e6 3.d4 d5 4.Nc3 Be7 5.Bg5 h6 6.Bh4 O-O 7.e3 b6 8.Be2 dxc4
9.Bxc4 Bb7 10.O-O c5 11.Qe2 cxd4 12.Nxd4 Ne4 13.Nxe4 Bxh4 14.Qg4 Bf6 15.Rfd1 Bxd4
16.Rxd4  1/2-1/2

[Event "Sochi"]
[Site "Sochi"]
[Date "1982.??.??"]
[Round "13"]
[White "Nikolic, Predrag"]
[Black "Geller, Efim P"]
[Result "1/2-1/2"]
[WhiteElo "2530"]
[BlackElo "2565"]

1.d4 Nf6 2.c4 e6 3.Nf3 d5 4.Nc3 Be7 5.Bg5 h6 6.Bh4 O-O 7.e3 b6 8.Be2 Bb7
9.Bxf6 Bxf6 10.cxd5 exd5 11.O-O Nd7 12.Qb3 c6 13.Rfe1 Re8 14.Rad1 Nf8 15.e4 Ne6
16.e5 Be7 17.Qc2 Qc7 18.Bd3 Rad8 19.Ne2 c5 20.Bh7+ Kh8 21.Bf5 Bc8 22.Nd2 g6
23.Bh3 Bf8 24.Nf1 cxd4 25.Qxc7 Nxc7 26.Bxc8 Rxc8 27.Nxd4 Ne6 28.Nb3 Rc2 29.Rd2 Rxd2
30.Nfxd2 Rc8 31.Rc1 Rxc1+ 32.Nxc1 Bg7 33.Nf3  1/2-1/2

[Event "Sochi"]
[Site "Sochi"]
[Date "1982.??.??"]
[Round "14"]
[White "Averkin, Orest N"]
[Black "Nikolic, Predrag"]
[Result "1-0"]
[WhiteElo "2450"]
[BlackElo "2530"]

1.d4 Nf6 2.c4 e6 3.Nf3 d5 4.Nc3 dxc4 5.e4 Bb4 6.Bg5 h6 7.Bxf6 Qxf6 8.Bxc4 O-O
9.O-O Nd7 10.e5 Qd8 11.Qe2 Nb6 12.Bd3 Nd5 13.Bc2 c5 14.Nxd5 exd5 15.a3 Ba5
16.dxc5 Bc7 17.Nd4 Qe7 18.Qd3 g6 19.Rae1 Qxc5 20.e6 Qd6 21.g3 Bb6 22.Nf5 gxf5
23.Qxf5 Kg7 24.Qh7+ Kf6 25.Qxh6+ Ke7 26.Qg5+ Ke8 27.Ba4+  1-0

[Event "JUG-ch"]
[Site "Vrbas"]
[Date "1982.??.??"]
[Round "?"]
[White "Ivkov, Borislav"]
[Black "Nikolic, Predrag"]
[Result "1/2-1/2"]
[WhiteElo "2480"]
[BlackElo "2485"]

1.d4 d5 2.c4 dxc4 3.Nf3 Nf6 4.e3 e6 5.Bxc4 a6 6.O-O c5 7.dxc5 Qxd1 8.Rxd1 Bxc5
9.a3 b5 10.Be2 Bb7 11.b4 Be7 12.Bb2 Nbd7 13.Nbd2 Rc8 14.Nb3 O-O 15.Na5 Ba8
16.Rac1 Nd5 17.Kf1  1/2-1/2

[Event "JUG-ch"]
[Site "Vrbas"]
[Date "1982.??.??"]
[Round "?"]
[White "Ivanovic, Bozidar"]
[Black "Nikolic, Predrag"]
[Result "0-1"]
[WhiteElo "2485"]
[BlackElo "2485"]

1.e4 e5 2.Nc3 Nc6 3.Bc4 Nf6 4.d3 Na5 5.Nge2 c6 6.a4 d5 7.Ba2 dxe4 8.Nxe4 Nxe4
9.dxe4 Qxd1+ 10.Kxd1 b6 11.Bd2 Ba6 12.Bc3 f6 13.Ke1 Nb7 14.f3 Rd8 15.b4 Nd6
16.Kf2 Bc4 17.Bb3 Be7 18.Rhd1 Bxb3 19.cxb3 Kf7 20.Ng3 Ke6 21.Ke2 g6 22.Nf1 Nc8
23.Rdc1 Rd6 24.Ne3 Rhd8 25.Be1 Bf8 26.Rc2 Bh6 27.Ng4 Bg7 28.b5 f5 29.Ne3 cxb5
30.Bh4 Bf6 31.Bxf6 Kxf6 32.Nd5+ Kf7 33.axb5 R6d7 34.Rca2 Ke6 35.Ke3 Rb7 36.Nb4 Rc7
37.Nc6 Rdd7 38.b4 fxe4 39.fxe4 Nd6 40.Rxa7 Nxb5 41.Rxc7 Rxc7 42.Nd8+ Ke7
43.Ra8 Nd6 44.Kf3 Nc8 45.Nb7 Kd7 46.Na5 bxa5 47.bxa5 h5 48.Rb8 Rc3+ 49.Ke2 Ra3
50.Ra8 g5 51.h3 Nd6 52.a6 Nc8 53.Kf2 g4 54.hxg4 hxg4 55.g3 Kc7 56.Kg2 Ra4
57.Kf1 Rxe4 58.Kf2 Ra4 59.Ke3 Nd6 60.Kd3 Kb6  0-1

[Event "JUG-ch"]
[Site "Vrbas"]
[Date "1982.??.??"]
[Round "?"]
[White "Nikolic, Predrag"]
[Black "Gligoric, Svetozar"]
[Result "1-0"]
[WhiteElo "2485"]
[BlackElo "2535"]

1.d4 Nf6 2.c4 e6 3.Nf3 b6 4.g3 Bb7 5.Bg2 Be7 6.O-O O-O 7.Nc3 Ne4 8.Qc2 Nxc3
9.Qxc3 c5 10.Rd1 d6 11.Bf4 Nd7 12.dxc5 Nxc5 13.Rac1 Qc7 14.b4 Ne4 15.Qd3 e5
16.Be3 Nxf2 17.Kxf2 e4 18.Qb3 exf3 19.Bxf3 Rfe8 20.Bf4 g5 21.c5 bxc5 22.bxc5 Bxf3
23.Bxd6 Qc6 24.Qxf3 Rac8 25.Qf5 Bd8 26.Be5 Qe6 27.Qxe6 Rxe6 28.Bd6 Rc6 29.Rc4 Kg7
30.e4 Kg6 31.Kf3 Bc7 32.Bxc7 Rxc7 33.Rd5 Ra6 34.a4 f6 35.Ke3 Kf7 36.Kd4 Re6
37.e5 fxe5+ 38.Rxe5 h6 39.Rxe6 Kxe6 40.Rc3 Rd7+ 41.Kc4 Rf7 42.Rd3  1-0

[Event "JUG-ch"]
[Site "Vrbas"]
[Date "1982.??.??"]
[Round "?"]
[White "Nikolic, Predrag"]
[Black "Kelecevic, Nedeljko"]
[Result "1/2-1/2"]
[WhiteElo "2485"]
[BlackElo "2390"]

1.Nf3 Nf6 2.d4 e6 3.c4 b6 4.g3 Ba6 5.Nbd2 c6 6.e4 d5 7.e5 Nfd7 8.Qc2 Be7
9.Bd3 h6 10.b3 O-O 11.Bb2 Bb7 12.O-O a5 13.a3 Na6 14.Rfd1 Rc8 15.Nf1 Nc7
16.Ne3 c5 17.Qe2 dxc4 18.Nxc4 Ne8 19.Be4 Bxe4 20.Qxe4 b5 21.dxc5 bxc4 22.c6 Rc7
23.cxd7 Rxd7 24.Rxd7 Qxd7 25.Qxc4 Nc7 26.Rc1 Nd5 27.Nd4 Qb7 28.Nc6 Bg5 29.Rc2 Rc8
30.b4 axb4 31.axb4 Bd8 32.Bd4 Bb6 33.Qb5 Kh8 34.Bxb6 Qxb6 35.Qxb6 Nxb6 36.b5 Ra8
37.Kg2 g5 38.Rd2 Kg7 39.Rd4 h5 40.h3 Ra2 41.Kf3 Rb2 42.Rb4 Ra2 43.Rb3 Kf8
44.Nb4 Ra4 45.Nd3 Ke7 46.Nc5 g4+ 47.hxg4 hxg4+ 48.Ke3 Rc4 49.Ne4 Ra4 50.Nc5 Rc4
51.Nd3 Ra4 52.Rb1 Nc4+ 53.Ke2 Ra2+ 54.Ke1 Nb6 55.Nb4 Ra3 56.Nc6+ Kd7 57.Rb4 Ra1+
58.Ke2 Nd5 59.Rb3 Ra2+ 60.Kf1 Ra4 61.Rd3 Ra1+ 62.Kg2 Rb1 63.Nd4 Rb4 64.Nc2 Rxb5
65.Rd4 Ke8 66.Rxg4 Ne7 67.Re4 Nc6 68.f4 Rb2 69.Re2 Ke7 70.Nd4 Rxe2+ 71.Nxe2 f6
72.exf6+ Kxf6 73.g4 e5 74.f5 Kg5 75.Kf3 e4+ 76.Kxe4 Kxg4 77.f6 Nd8 78.Ke5 Kg5
79.Nc3 Kg6 80.Ne4 Kf7 81.Kf5 Kg8 82.Nc5 Kf7 83.Ne4 Kg8 84.Ng5 Kf8 85.Kg6 Kg8
86.Ne4 Kf8 87.Nc5 Kg8 88.Nd7 Nf7 89.Kf5 Nd8  1/2-1/2

[Event "JUG-ch"]
[Site "Vrbas"]
[Date "1982.??.??"]
[Round "?"]
[White "Nikolic, Predrag"]
[Black "Ljubojevic, Ljubomir"]
[Result "1/2-1/2"]
[WhiteElo "2485"]
[BlackElo "2600"]

1.d4 d5 2.c4 c6 3.cxd5 cxd5 4.Nc3 Nc6 5.Nf3 Nf6 6.Bf4 e6 7.e3 Bd6 8.Bxd6 Qxd6
9.Bd3 O-O 10.O-O Bd7 11.Rc1 Rfc8 12.Qe2  1/2-1/2

[Event "JUG-ch"]
[Site "Vrbas"]
[Date "1982.??.??"]
[Round "?"]
[White "Nikolic, Predrag"]
[Black "Rukavina, Josip"]
[Result "1/2-1/2"]
[WhiteElo "2485"]
[BlackElo "2450"]

1.d4 d5 2.c4 e6 3.Nc3 Be7 4.Nf3 Nf6 5.Bg5 h6 6.Bxf6 Bxf6 7.e4 dxe4 8.Nxe4 Nc6
9.Nxf6+ Qxf6 10.Qd2 O-O 11.Qc3 e5 12.dxe5 Re8 13.O-O-O Nxe5 14.Nxe5 Rxe5
15.Rd8+ Qxd8 16.Qxe5 Be6 17.Be2 Qd7 18.b3 Rd8 19.Rd1 Qe7 20.f4 Rxd1+ 21.Bxd1 Kf8
22.Bc2 Bc8 23.Qd4 c5 24.Qd5 g6 25.Be4  1/2-1/2

[Event "JUG-ch"]
[Site "Vrbas"]
[Date "1982.??.??"]
[Round "?"]
[White "Nikolic, Predrag"]
[Black "Velimirovic, Dragoljub"]
[Result "1/2-1/2"]
[WhiteElo "2485"]
[BlackElo "2500"]

1.Nf3 Nf6 2.c4 e6 3.d4 c5 4.d5 exd5 5.cxd5 g6 6.Nc3 d6 7.g3 Bg7 8.Bg2 O-O
9.O-O Nbd7 10.Bf4 Qe7 11.Rb1 Ng4 12.Qc1 Nde5 13.Nxe5 Nxe5 14.Bh6 Bxh6 15.Qxh6 Bd7
16.b4 Rac8 17.bxc5 Rxc5 18.Ne4 Rc7 19.Ng5 f6 20.Ne6 Bxe6 21.dxe6 Qxe6 22.Qd2 Qe7
23.Qd5+ Rf7 24.Rfd1 Kg7 25.Qxd6 Qxd6 26.Rxd6 b6 27.f4 Nd7 28.Rbd1 Nc5 29.Kf2 Rfe7
30.R1d4 f5 31.h3 Re6 32.g4 Kf6 33.Rd8 Rce7 34.Bf3 Re8 35.Rxe8 Rxe8 36.Rd6+ Ke7
37.Rc6 Kd7 38.Bd5 Ne4+ 39.Kg2 Nd6 40.Rc2 Re3 41.Rd2 b5 42.g5 Kc7 43.Rc2+ Kd7
44.h4 Nc4 45.Kf2 Rh3 46.Bf3 h6 47.h5 hxg5 48.hxg6 gxf4 49.Bg4 Rg3 50.Bxf5+ Kd6
51.Rc1 Ne3 52.Bd3 b4 53.Rg1 Ng4+ 54.Kf1 Rxg1+ 55.Kxg1 Ke7 56.Bf5 Ne5 57.Kf2 Kf6
58.Bc2 a5 59.e3 f3  1/2-1/2

[Event "JUG-ch"]
[Site "Vrbas"]
[Date "1982.??.??"]
[Round "?"]
[White "Nikolic, Predrag"]
[Black "Vukic, Milan"]
[Result "1/2-1/2"]
[WhiteElo "2485"]
[BlackElo "2465"]

1.Nf3 Nf6 2.g3 g6 3.Bg2 Bg7 4.O-O O-O 5.d4 d6 6.Re1 Nbd7 7.e4 e5 8.h3 Re8
9.Nc3 c6 10.b3 Qc7 11.Bb2 b6 12.Qd2 Bb7 13.Rad1 b5 14.a4 a6 15.dxe5 dxe5
16.Ba3 Bf8 17.Bxf8 Kxf8 18.Qe3 Kg7 19.Nd2 Qa5 20.Ra1 Qb4 21.Na2 Qc5 22.b4 Qxe3
23.Rxe3 bxa4 24.Nc3 c5 25.bxc5 Nxc5 26.Nxa4 Rac8 27.Nb6 Rcd8 28.Ra5 Rxd2
29.Rxc5 Re6 30.Nd5 Rd6 31.c4 Rc6  1/2-1/2

[Event "JUG-ch"]
[Site "Vrbas"]
[Date "1982.??.??"]
[Round "?"]
[White "Parma, Bruno"]
[Black "Nikolic, Predrag"]
[Result "1/2-1/2"]
[WhiteElo "2485"]
[BlackElo "2485"]

1.e4 e5 2.Nf3 Nc6 3.Bb5 a6 4.Ba4 Nf6 5.O-O Be7 6.Re1 b5 7.Bb3 d6 8.c3 O-O
9.h3 Bb7 10.d4 Re8 11.a4 h6 12.Nbd2 Bf8 13.d5 Ne7 14.c4 Qd7 15.axb5 axb5
16.Rxa8 Rxa8 17.cxb5 Qxb5 18.Nb1 Ra1 19.Nc3 Qb4 20.Qc2 c6 21.Na2 Qa5 22.Bd2 Rxe1+
23.Nxe1 Qa8 24.dxc6 Nxc6 25.Qc4 Nd8 26.f3 Qa7+ 27.Kh2 d5 28.exd5 Bxd5 29.Qc3 e4
30.Bxd5 Bd6+ 31.Kh1 Qf2 32.Qe3 Qg3 33.f4 Qxe3 34.Bxf7+ Kxf7 35.Bxe3 Nd5  1/2-1/2

[Event "Hoogovens"]
[Site "Wijk aan Zee"]
[Date "1982.??.??"]
[Round "?"]
[White "Balashov, Yuri S"]
[Black "Nikolic, Predrag"]
[Result "1/2-1/2"]
[WhiteElo "2595"]
[BlackElo "2485"]

1.e4 e5 2.Nf3 Nc6 3.Bb5 a6 4.Ba4 Nf6 5.O-O Be7 6.Re1 b5 7.Bb3 d6 8.c3 O-O
9.d3 Na5 10.Bc2 c5 11.Nbd2 Nc6 12.Nf1 Re8 13.Ng3 Bf8 14.h3 Bb7 15.Nh2 Ne7
16.Bg5 Ng6 17.Ng4 Be7 18.Nf5 Nxg4 19.Nxe7+ Nxe7 20.Qxg4 Kh8 21.Be3 Qc7 22.Qh5 Ng6
23.Rac1  1/2-1/2

[Event "Lugano op"]
[Site "Lugano"]
[Date "1983.??.??"]
[Round "1"]
[White "Al Hadarani, Hatim"]
[Black "Nikolic, Predrag"]
[Result "1-0"]
[WhiteElo "2200"]
[BlackElo "2490"]

1.e4 d6 2.d4 g6 3.Bf4 Bg7 4.Bc4 c6 5.Bb3 Nf6 6.Nc3 b5 7.f3 Nbd7 8.Qd2 a5
9.a3 Nb6 10.Bh6 O-O 11.h4 e5 12.Nge2 b4 13.Nd1 a4 14.Ba2 bxa3 15.bxa3 Ba6
16.h5 Nc4 17.Qc1 Qa5+ 18.c3 exd4 19.Bxg7 Kxg7 20.hxg6 fxg6 21.Nxd4 Rae8 22.Qh6+ Kg8
23.Rb1 c5 24.Ne2 d5 25.Bxc4 Bxc4 26.Rb7 Rf7 27.Rxf7 Kxf7 28.Qf4 Kg7 29.e5 Ng8
30.Rxh7+ Kxh7 31.Qf7+ Kh8 32.Qxe8 Bxe2 33.Kxe2 Qa6+ 34.Kd2 Qc4 35.Qxg6 Qf4+
36.Kd3 c4+ 37.Kc2 Qxe5 38.Qg4 Nf6 39.Qd4 Qe2+ 40.Qd2 Qe7 41.Qd4 Qe2+ 42.Qd2 Qe7
43.Qg5 Qh7+ 44.Kc1 Qe7 45.Kc2 Qh7+ 46.Kd2 Qe7 47.Qh6+ Nh7 48.Qh5 Qg7 49.Qg4 Qf7
50.Ne3 Nf6 51.Qd4 Kh7 52.Qe5 Kg8 53.Qg5+ Kf8 54.Qf5 Kg7 55.Qe5 Qg6 56.Ng4 Qd3+
57.Ke1 Qb1+ 58.Kf2 Qb6+ 59.Kg3 d4 60.cxd4 c3 61.Nxf6 Kf7 62.Ng4 Qb3 63.d5 c2
64.Qe6+ Kg7 65.Ne5 Qb8 66.d6  1-0

[Event "Niksic"]
[Site "Niksic"]
[Date "1983.??.??"]
[Round "7"]
[White "Nikolic, Predrag"]
[Black "Andersson, Ulf"]
[Result "0-1"]
[WhiteElo "2540"]
[BlackElo "2640"]

1.d4 Nf6 2.c4 e6 3.Nf3 Bb4+ 4.Bd2 Bxd2+ 5.Qxd2 O-O 6.Nc3 d5 7.e3 Qe7 8.Rc1 Rd8
9.Qc2 dxc4 10.Bxc4 c5 11.O-O Nc6 12.dxc5 Qxc5 13.Ne4 Qe7 14.a3 Bd7 15.Bd3 h6
16.b4 Rac8 17.Qb2 Be8 18.Bb1 Nxe4 19.Bxe4 Qf6 20.Qxf6 gxf6 21.h3 f5 22.Bxc6 Bxc6
23.Nd4 Bd7 24.f4 Kf8 25.Kf2 Ke7 26.Rfd1 f6 27.Nb3 b6 28.Nd4 Rg8 29.b5 Rc5
30.a4 Rgc8 31.Rxc5 Rxc5 32.Ke2 e5 33.Nf3 Be6 34.Ra1 Kd6 35.Ra3 Bd5 36.Kd2 Be4
37.Rc3 exf4 38.Ne1 Rxc3 39.Kxc3 fxe3  0-1

[Event "Niksic"]
[Site "Niksic"]
[Date "1983.??.??"]
[Round "10"]
[White "Gligoric, Svetozar"]
[Black "Nikolic, Predrag"]
[Result "1/2-1/2"]
[WhiteElo "2505"]
[BlackElo "2540"]

1.d4 d5 2.c4 dxc4 3.Nf3 Nf6 4.Nc3 c5 5.d5 e6 6.e4 exd5 7.e5 Ne4 8.Qxd5 Nxc3
9.Qxd8+ Kxd8 10.bxc3 Be6 11.Ng5 Nd7 12.Nxe6+ fxe6 13.f4 Nb6 14.a4 g5 15.a5 Nd5
16.f5 exf5 17.Bxc4 Nf4 18.O-O Be7 19.g3 Ng6 20.Rxf5 Rf8 21.Rxf8+ Nxf8 22.Bd5 Rb8
23.c4 Kd7 24.Bf3 Kc7 25.Bd2 Ng6 26.Bc3 Bf8 27.e6 Bd6 28.Re1 Ne7 29.Kg2 Rf8
30.Bh5 Nc6 31.Bf3 Nd4 32.Bd5 h5 33.Rb1 Nc6 34.Bg7 Re8 35.Bc3 Rf8 36.Bd2 Be7
37.h3 Nb4 38.Bf3 h4 39.gxh4 gxh4 40.Re1 Nc6 41.Re4 Rd8 42.Bf4+ Bd6 43.Bh6 Re8
44.Rxh4 Rxe6 45.Bg5 Nxa5 46.Rh7+ Kb6 47.h4 Nc6 48.h5 a5 49.Rh8 Be5 50.Ra8 Bg7
51.Kg3 Na7 52.Bd8+ Ka6 53.Bxa5 Be5+ 54.Kg4 Kxa5 55.Rxa7+ Kb4 56.Rxb7+ Kxc4
57.Kf5 Rf6+ 58.Kxe5 Rxf3 59.h6 Rh3 60.h7 Kc3  1/2-1/2

[Event "Niksic"]
[Site "Niksic"]
[Date "1983.??.??"]
[Round "11"]
[White "Nikolic, Predrag"]
[Black "Seirawan, Yasser"]
[Result "1-0"]
[WhiteElo "2540"]
[BlackElo "2605"]

1.d4 Nf6 2.c4 e6 3.Nf3 d5 4.Nc3 Nbd7 5.Bg5 c6 6.cxd5 exd5 7.e3 Be7 8.Qc2 O-O
9.Bd3 Re8 10.O-O Nf8 11.h3 Ng6 12.Bxf6 Bxf6 13.b4 a6 14.a4 Be7 15.b5 a5 16.Ne2 Qd6
17.Ng3 c5 18.Nf5 Bxf5 19.Bxf5 c4 20.g3 Nf8 21.h4 Qf6 22.Ne5 Bd6 23.f4 Qe7
24.Qg2 Rad8 25.Rae1 Bb4 26.Re2 f6 27.Nf3 Qf7 28.Qh3 Re7 29.h5 Rde8 30.Kf2 g6
31.Bc2 Qe6 32.g4 Rg7 33.Rh1 gxh5 34.Qxh5 Qxg4 35.Bxh7+ Nxh7 36.Qxe8+ Nf8
37.Rg1 Qf5 38.Nh4 Qh3 39.Rxg7+ Kxg7 40.Kg1 Qxh4 41.Rg2+ Kh6 42.Rh2 Qxh2+
43.Kxh2 c3 44.Qf7 Ng6 45.Qxb7 Ne7 46.Qc7  1-0

[Event "EU-chT Plovdiv"]
[Site "Plovdiv"]
[Date "1983.??.??"]
[Round "2"]
[White "Radulov, Ivan"]
[Black "Nikolic, Predrag"]
[Result "1/2-1/2"]
[WhiteElo "2495"]
[BlackElo "2490"]

1.e4 e6 2.d4 d5 3.Nd2 c5 4.exd5 exd5 5.Bb5+ Nc6 6.Qe2+ Qe7 7.dxc5 Qxe2+ 8.Nxe2 Bxc5
9.Nb3 Bb6 10.Nbd4 Bd7 11.Be3 Nf6 12.O-O-O Ng4 13.Nc3 Nxe3 14.fxe3 O-O-O 15.Na4 Kc7
16.Nxb6 Kxb6 17.Bxc6 bxc6 18.b4 a5 19.a3 Ra8 20.Kd2 axb4 21.axb4 Ra4 22.Rb1 Kc7
23.Rhf1 f6 24.Rf4 Rb8 25.Ne2 Rba8 26.Nc3 Ra1 27.Rff1 Rxb1 28.Rxb1 Kb6 29.e4 dxe4
30.Nxe4 Kb5 31.Re1 Bf5 32.Ng3  1/2-1/2

[Event "EU-chT Plovdiv"]
[Site "Plovdiv"]
[Date "1983.??.??"]
[Round "4"]
[White "Nikolic, Predrag"]
[Black "Kindermann, Stefan"]
[Result "1-0"]
[WhiteElo "2490"]
[BlackElo "2440"]

1.d4 Nf6 2.c4 e6 3.Nf3 c5 4.d5 exd5 5.cxd5 d6 6.Nc3 g6 7.g3 Bg7 8.Bg2 O-O
9.O-O Re8 10.Bf4 a6 11.a4 h6 12.Qc1 g5 13.Bd2 Nbd7 14.h4 g4 15.Ne1 Kh7 16.Nc2 Ne5
17.Ne3 Rb8 18.b4 b5 19.axb5 axb5 20.Qc2+ Kg8 21.Rfb1 Bd7 22.Ra6 Qc7 23.Nf5 Bxf5
24.Qxf5 Qc8 25.Qxc8 Rexc8 26.Ne4 Nxe4 27.Bxe4 Rd8 28.bxc5 dxc5 29.Ba5 Rd7
30.d6 b4 31.Bf5 Rdb7 32.Bc7 c4 33.Bxb8 Rxb8 34.d7 b3 35.Ra5 Kf8 36.Rc5 Rd8
37.Kg2 Ke7 38.f4 gxf3+ 39.exf3 Nxd7 40.Rxc4 b2 41.Rc7 Be5 42.Rb7 Ke8 43.Re1  1-0

[Event "EU-chT Plovdiv"]
[Site "Plovdiv"]
[Date "1983.??.??"]
[Round "5"]
[White "Petrosian, Tigran V"]
[Black "Nikolic, Predrag"]
[Result "1/2-1/2"]
[WhiteElo "2605"]
[BlackElo "2490"]

1.c4 e6 2.g3 d5 3.Bg2 c6 4.Qc2 Bd6 5.d4 f5 6.Nf3 Nf6 7.O-O O-O 8.b3 Bd7 9.Ba3 Bxa3
10.Nxa3 Qe7 11.Qb2 Be8 12.Ne5 g5 13.Nc2 Nbd7 14.cxd5 exd5 15.f4 Ng4 16.Qc3 a5
17.Rae1 gxf4 18.gxf4 Ndf6 19.Qh3 Kh8 20.Qh4 Ng8 21.Qg3 N8f6 22.Qh4 Ng8 23.Qg3 N8f6  1/2-1/2

[Event "EU-chT Plovdiv"]
[Site "Plovdiv"]
[Date "1983.??.??"]
[Round "6"]
[White "Fedder, Steen"]
[Black "Nikolic, Predrag"]
[Result "0-1"]
[WhiteElo "2440"]
[BlackElo "2490"]

1.d4 d5 2.c4 dxc4 3.e4 Nf6 4.e5 Nd5 5.Bxc4 Nb6 6.Bb3 Bf5 7.Qf3 e6 8.Ne2 Nc6
9.Be3 Na5 10.Bd1 Qd5 11.Nec3 Qxf3 12.Bxf3 O-O-O 13.Nd2 Nac4 14.Nxc4 Nxc4
15.O-O-O Be7 16.h4 h6 17.g4 Bh7 18.Be4 Bxe4 19.Nxe4 Rd5 20.b3 Nb6 21.h5 Rd7
22.Kb2 Nd5 23.Bd2 Bb4 24.Bc1 Rhd8 25.a3 Bf8 26.Rh3 Ne7 27.Rhd3 Nc6 28.Kc3 a5
29.g5 hxg5 30.Bxg5 Be7 31.Rg3 Bxg5 32.Rxg5 Nxd4 33.Nd6+ cxd6 34.Rxd4 dxe5
35.Rxd7 Kxd7 36.Rxg7 Ke7 37.Rg4 Rh8 38.Rh4 Kf6 39.Kc4 Kg5 40.Re4 f6 41.Kb5 Rxh5
42.Kxa5 Rh2 43.Kb6 Rxf2 44.Kxb7 Kf5 45.Re1 e4 46.a4 Rb2 47.Ra1 Rxb3+ 48.Kc6 e3
49.a5 e2 50.a6 Ra3 51.Rxa3 e1=Q 52.Rb3 Qe4+ 53.Kb6 Qd4+ 54.Ka5 e5 55.Rb7 Qc5+  0-1

[Event "Sarajevo"]
[Site "Sarajevo"]
[Date "1983.??.??"]
[Round "?"]
[White "Ivanovic, Bozidar"]
[Black "Nikolic, Predrag"]
[Result "0-1"]
[WhiteElo "2480"]
[BlackElo "2490"]

1.e4 e5 2.Bc4 Nf6 3.d3 c6 4.Bg5 d5 5.exd5 cxd5 6.Bb3 Nc6 7.Nf3 Be7 8.Nc3 d4
9.Ne2 h6 10.Bh4 Bg4 11.Nd2 g5 12.Bg3 Nd5 13.Ba4 f6 14.h3 Bh5 15.Bh2 Rc8 16.O-O O-O
17.Bb3 Kh7 18.a3 Qd7 19.Re1 Bd8 20.Ba2 Nce7 21.g4 Bg6 22.Rc1 Ba5 23.b4 Bc7
24.c4 dxc3 25.Ne4 Bb6 26.Nc5 Bxc5 27.bxc5 Rxc5 28.d4 c2 29.Qd2 Nf4 30.Nxf4 gxf4
31.Qb4 Rb5 32.Qc4 Rc8 33.Qa4 Rc7 34.dxe5 fxe5 35.Bb3 Rbc5 36.Qxa7 Qd3 37.Qb6 Qxh3
38.Qe6 R5c6 39.Qxe5 Qxg4+  0-1

[Event "Sarajevo"]
[Site "Sarajevo"]
[Date "1983.??.??"]
[Round "?"]
[White "Kelecevic, Nedeljko"]
[Black "Nikolic, Predrag"]
[Result "1/2-1/2"]
[WhiteElo "2395"]
[BlackElo "2490"]

1.d4 d5 2.c4 c6 3.Nf3 e6 4.Qc2 f5 5.g3 Nf6 6.Bg2 Bd6 7.O-O O-O 8.b3 Qe7 9.e3 Bd7
10.Bb2 Be8 11.Nbd2 Nbd7 12.Ne5 g5 13.f3 f4 14.e4 dxe4 15.Nxd7 Qxd7 16.Nxe4 Bg6
17.Qc3 Nxe4 18.fxe4 Qg7 19.e5 Be7 20.gxf4 gxf4 21.Kh1 Kh8 22.Bf3 Qh6 23.Rg1 Rg8
24.Qd2 Bf5 25.Rxg8+ Rxg8 26.Rg1 Rxg1+ 27.Kxg1 Qg6+ 28.Qg2 Bb1 29.Qxg6 hxg6
30.a3 Bc2 31.b4 Bb3 32.Be2 Bh4 33.Bc3 Kg7 34.Bd2 f3 35.Bxf3 Bxc4 36.Be4 Kf7
37.Bc2 Bd5 38.Bd3 Bf3 39.h3 Bd5 40.Kf1 Be7 41.Kf2 b6  1/2-1/2

[Event "Sarajevo"]
[Site "Sarajevo"]
[Date "1983.??.??"]
[Round "?"]
[White "Kovacevic, Vlatko"]
[Black "Nikolic, Predrag"]
[Result "1/2-1/2"]
[WhiteElo "2555"]
[BlackElo "2490"]

1.d4 d5 2.Nf3 c6 3.Bf4 Qb6 4.Qc1 Bg4 5.Ne5 Bf5 6.e3 f6 7.Nf3 g5 8.Bg3 Nd7
9.c4 e6 10.Nc3 h5 11.h3 Nh6 12.Nd2 h4 13.Bh2 Kf7 14.Nf3 Be7 15.Qd2 Rac8 16.Be2 Qa5
17.a3 a6 18.e4 dxe4 19.Nxe4 Qxd2+ 20.Nfxd2 c5 21.d5 exd5 22.cxd5 Rhe8 23.f3 Bg6
24.Kf2 Nf5 25.Rhd1 Kg7 26.Nc4 b5 27.Ncd6 Bxd6 28.Nxd6 Nxd6 29.Bxd6 c4 30.a4 Bc2
31.Rdc1 Bxa4 32.Bxc4 bxc4 33.Rxa4 Nc5 34.Bxc5 Rxc5 35.Rxa6  1/2-1/2

[Event "Sarajevo"]
[Site "Sarajevo"]
[Date "1983.??.??"]
[Round "?"]
[White "Nikolic, Predrag"]
[Black "Bistric, Faruk"]
[Result "1-0"]
[WhiteElo "2490"]
[BlackElo "2325"]

1.d4 Nf6 2.c4 e6 3.g3 Bb4+ 4.Bd2 a5 5.Bg2 d5 6.Nf3 dxc4 7.Na3 Bxa3 8.bxa3 O-O
9.Qc2 b5 10.Ne5 Nd5 11.Rb1 c6 12.O-O f6 13.Nf3 Nd7 14.a4 Nc7 15.Bf4 Ba6 16.Qe4 b4
17.Qxc6 Ra7 18.a3 b3 19.Nd2 Nb8 20.Qc5  1-0

[Event "Sarajevo"]
[Site "Sarajevo"]
[Date "1983.??.??"]
[Round "?"]
[White "Nikolic, Predrag"]
[Black "Sveshnikov, Evgeny"]
[Result "1/2-1/2"]
[WhiteElo "2490"]
[BlackElo "2505"]

1.d4 d5 2.c4 e6 3.Nc3 Nf6 4.Bg5 c6 5.e3 Nbd7 6.a3 Be7 7.Nf3 O-O 8.Qc2 h6
9.Bh4 a6 10.Rd1 b5 11.c5 Nh5 12.Bxe7 Qxe7 13.Ne5 Nxe5 14.dxe5 g6 15.Ne2 Ng7
16.Nd4 Qc7 17.Nf3 a5 18.Bd3 b4 19.Ra1 Ba6 20.Bxa6 Rxa6 21.axb4 Rb8 22.bxa5 Qb7
23.O-O Qxb2 24.Qxb2 Rxb2 25.Rfc1 Ne8 26.g3 Nc7 27.Rab1 Rxb1 28.Rxb1 Rxa5
29.Nd4 Na6 30.Nxc6 Rxc5 31.Rb6 Rc1+ 32.Kg2 Nc5 33.Rb8+ Kg7 34.Nd8 Rc4 35.Ra8 d4
36.exd4 Rxd4 37.Nc6 Rd2 38.Kf3 Rc2 39.Ra7 Nd3 40.Nd4 Nxe5+ 41.Ke4 Nc6 42.Rxf7+ Kxf7
43.Nxc2  1/2-1/2

[Event "Sarajevo"]
[Site "Sarajevo"]
[Date "1983.??.??"]
[Round "?"]
[White "Nikolic, Predrag"]
[Black "Gligoric, Svetozar"]
[Result "1-0"]
[WhiteElo "2490"]
[BlackElo "2510"]

1.d4 Nf6 2.c4 g6 3.Nf3 Bg7 4.g3 c5 5.d5 d6 6.Bg2 b5 7.cxb5 Qa5+ 8.Nfd2 Qxb5
9.Nc3 Qa6 10.O-O O-O 11.Re1 Nbd7 12.h3 Qa5 13.Nc4 Qb4 14.Qa4 Nb6 15.Nxb6 Qxb6
16.Rb1 Rb8 17.Bd2 Qa6 18.Qc2 Nd7 19.b3 Nb6 20.e4 Bd7 21.Bf1 Qc8 22.Kh2 Na8
23.Bf4 Nc7 24.e5 Bf5 25.Bd3 Bxd3 26.Qxd3 Rd8 27.Qf3 Nb5 28.Nxb5 Rxb5 29.exd6 exd6
30.Re7 Qf5 31.Rbe1 Be5 32.Qe2 Rb4 33.Bxe5 dxe5 34.Rxe5 Qf6 35.Rc1 Rc8 36.Re8+ Rxe8
37.Qxe8+ Kg7 38.Qe3 h5 39.h4 Qb2 40.Rxc5 Re4 41.Qf3 Re5 42.Rc4 Qd2 43.Rf4 Qxd5
44.Qxd5 Rxd5 45.Ra4 a5 46.Kg2 Kf6 47.Kf3 Ke5 48.Ke3 Rb5 49.Re4+ Kd6 50.Kd3 f6
51.Re8 g5 52.hxg5 fxg5 53.Rh8 g4 54.Rf8 Re5 55.Kd4 Rb5 56.Ke4 Ke6 57.Kf4 Rd5
58.a4 Rc5 59.Re8+ Kf6 60.Rb8 Rf5+ 61.Ke4 Re5+ 62.Kd3 h4 63.gxh4 Rh5 64.Rb6+ Kf7
65.Ke4  1-0

[Event "Sarajevo"]
[Site "Sarajevo"]
[Date "1983.??.??"]
[Round "?"]
[White "Nikolic, Predrag"]
[Black "Kurajica, Bojan"]
[Result "1/2-1/2"]
[WhiteElo "2490"]
[BlackElo "2510"]

1.d4 d5 2.c4 e6 3.Nc3 Be7 4.Nf3 Nf6 5.Bg5 h6 6.Bh4 O-O 7.e3 b6 8.cxd5 Nxd5
9.Bxe7 Qxe7 10.Nxd5 exd5 11.Be2 Be6 12.O-O c5 13.dxc5 bxc5 14.Rc1 Nd7 15.Qa4  1/2-1/2

[Event "Sarajevo"]
[Site "Sarajevo"]
[Date "1983.??.??"]
[Round "?"]
[White "Nikolic, Predrag"]
[Black "Lputian, Smbat G"]
[Result "0-1"]
[WhiteElo "2490"]
[BlackElo "2495"]

1.d4 e6 2.c4 Nf6 3.Nf3 d5 4.Nc3 Be7 5.Bg5 h6 6.Bh4 O-O 7.e3 b6 8.Qc2 Bb7
9.Bxf6 Bxf6 10.cxd5 exd5 11.O-O-O c5 12.dxc5 Nd7 13.c6 Bxc6 14.Nd4 Bb7 15.Kb1 a6
16.g4 b5 17.Bg2 Rc8 18.Qf5 Ne5 19.e4 Rxc3 20.bxc3 Bc8 21.Qf4 Qa5 22.Qc1 Nc4
23.Nc6 Na3+ 24.Kb2 Qa4 25.Rxd5 b4 26.e5 Bg5 27.f4 Bxf4 28.Ne7+ Kh8 29.Qd1 bxc3+
30.Kxc3 Nb5+ 31.Kd3 Qa3+  0-1

[Event "Vrsac"]
[Site "Vrsac"]
[Date "1983.??.??"]
[Round "?"]
[White "Nikolic, Predrag"]
[Black "Djuric, Stefan"]
[Result "1-0"]
[WhiteElo "2540"]
[BlackElo "2500"]

1.d4 Nf6 2.c4 c5 3.d5 g6 4.Nc3 Bg7 5.Nf3 O-O 6.g3 d6 7.Bg2 Na6 8.O-O Nc7
9.e4 Ng4 10.h3 Ne5 11.Nxe5 Bxe5 12.Bh6 Re8 13.Qd2 b5 14.cxb5 Rb8 15.a4 a6
16.bxa6 Bxa6 17.Rfe1 Rb4 18.Bf4 Bxf4 19.gxf4 Qb8 20.e5 Rd4 21.Qc1 Qb4 22.f5 dxe5
23.Rxe5 Bd3 24.fxg6 hxg6 25.a5 Qb8 26.Ne2 Bxe2 27.Rxe2 Na6 28.Qg5 Qd8 29.h4 Qd7
30.Rae1 Rg4 31.Rxe7 Rxe7 32.Rxe7 Qa4 33.Qf6 Qd1+ 34.Kh2 Rxg2+ 35.Kxg2 Qxd5+
36.Kh2  1-0